[Event "CZE-ch U14 Girls"]
[Site "Teplice"]
[Date "2023.03.18"]
[Round "9"]
[White "Kaplanova, Dominika"]
[Black "Rybackova, Lucie"]
[Result "1/2-1/2"]
[WhiteElo "1534"]
[BlackElo "1716"]
[PlyCount "115"]
[EventDate "2023.03.11"]
[EventType "swiss"]
[EventRounds "9"]
[EventCountry "CZE"]
[SourceTitle "CBM 213 Extra"]
[Source "ChessBase"]
[SourceDate "2023.05.31"]
[SourceVersion "1"]
[SourceVersionDate "2023.05.31"]
[SourceQuality "1"]

1. e4 c5 2. Nf3 Nc6 3. d4 cxd4 4. Nxd4 g6 5. c3 Nf6 6. Nxc6 bxc6 7. Bd3 Bg7 8. 0-0 d5 9. exd5 cxd5 10. Bg5 0-0 11. Qd2 Bb7 12. Na3 Qd7 13. Rfe1 e5 14. h3 Rfe8 15. Bb5 Bc6 16. Bxc6 Qxc6 17. Bxf6 Bxf6 18. Nc2 a5 19. Ne3 Rad8 20. Ng4 Bg7 21. Nh6+ Bxh6 22. Qxh6 Qb5 23. Qd2 f6 24. Qe2 Qb7 25. Rad1 Kf7 26. Qd2 Qb6 27. Re2 d4 28. cxd4 Rxd4 29. Qc2 Red8 30. Red2 R8d7 31. Rxd4 exd4 32. Qc4+ Kg7 33. b3 Qb4 34. Qxb4 axb4 35. Kf1 Kf7 36. Ke2 Ke6 37. Kd3 Rc7 38. Re1+ Kd5 39. f3 Rc3+ 40. Kd2 d3 41. Re4 Kc5 42. Re7 Rc2+ 43. Kxd3 Rxa2 44. Rxh7 Rxg2 45. Rc7+ Kd5 46. Rc4 Rg3 47. Ke3 Rxh3 48. Rxb4 g5 49. Kf2 Rh1 50. Kg2 Rc1 51. Kg3 f5 52. Rb8 Rc3 53. Kf2 Ke5 54. Rb5+ Kf6 55. Rb6+ Kg7 56. Kg2 Rc2+ 57. Kg3 Rc3 58. Kf2 1/2-1/2

[Event "CZE-ch U14 Girls"]
[Site "Luhacovice"]
[Date "2022.03.15"]
[Round "5"]
[White "Dorazilova, Kristyna"]
[Black "Kaplanova, Dominika"]
[Result "1-0"]
[WhiteElo "1240"]
[BlackElo "1269"]
[PlyCount "120"]
[EventDate "2022.03.12"]
[EventType "swiss"]
[EventRounds "9"]
[EventCountry "CZE"]
[SourceTitle "EXT 2023"]
[Source "ChessBase"]
[SourceDate "2022.10.05"]
[SourceVersion "1"]
[SourceVersionDate "2022.10.05"]
[SourceQuality "1"]

1. e4 c6 2. d4 d5 3. f3 e6 4. Nc3 Bb4 5. Nge2 Ne7 6. a3 Ba5 7. g3 Nd7 8. Bg2 Ng6 9. 0-0 0-0 10. e5 Bb6 11. Kh1 c5 12. f4 Nb8 13. Be3 cxd4 14. Bxd4 Nc6 15. Na4 Bxd4 16. Nxd4 Bd7 17. Nc3 Qb6 18. Nb3 a5 19. Na4 Qc7 20. Qd2 Rfc8 21. Nc3 Qb6 22. Qf2 Qxf2 23. Rxf2 Nce7 24. Nd4 Rc4 25. Rd1 Rac8 26. Bf1 R4c7 27. Rdd2 a4 28. Kg1 Rc5 29. Bd3 Nf8 30. Kf1 Rxc3 31. bxc3 Rxc3 32. Bb5 Bxb5+ 33. Nxb5 Rc5 34. Nd4 Nd7 35. Rd3 Nb6 36. Rff3 Nc4 37. Ke2 Nc6 38. Nxc6 bxc6 39. h4 Rb5 40. Rc3 Rb1 41. Rfd3 Kf8 42. Rd1 Rb2 43. Ra1 Ke7 44. h5 Kd7 45. Rd1 Kc7 46. Ra1 c5 47. g4 Kb6 48. g5 Kb5 49. Kd1 Na5 50. Kc1 d4 51. Kxb2 dxc3+ 52. Kxc3 Kc6 53. Rd1 Nb7 54. Rd2 Kc7 55. g6 fxg6 56. Rg2 Kc6 57. hxg6 h6 58. Rh2 Kd5 59. Rxh6 Ke4 60. Rh7 Kxf4 1-0

[Event "CZE-ch U14 Girls"]
[Site "Luhacovice"]
[Date "2022.03.14"]
[Round "3"]
[White "Kaplanova, Dominika"]
[Black "Kavanova, Anezka"]
[Result "1/2-1/2"]
[WhiteElo "1269"]
[BlackElo "1089"]
[PlyCount "36"]
[EventDate "2022.03.12"]
[EventType "swiss"]
[EventRounds "9"]
[EventCountry "CZE"]
[SourceTitle "EXT 2023"]
[Source "ChessBase"]
[SourceDate "2022.10.05"]
[SourceVersion "1"]
[SourceVersionDate "2022.10.05"]
[SourceQuality "1"]

1. e4 c5 2. c3 e6 3. d4 d5 4. exd5 exd5 5. Nf3 Nf6 6. Be3 c4 7. Be2 Nc6 8. 0-0 Bd6 9. Nbd2 Qc7 10. h3 Bf5 11. Re1 0-0-0 12. Nh4 Bg6 13. Bg4+ Kb8 14. Qf3 Nxg4 15. Qxg4 Ne7 16. g3 h5 17. Qf3 Rdf8 18. Ng2 b5 1/2-1/2